| Tag |
First Indicator |
Second Indicator |
Subfields |
| LEADER |
00000cam a2200000 a 4500 |
| 001 |
in00000033032 |
| 005 |
20151007055108.0 |
| 008 |
871209s1987 flua 00010 eng d |
| 035 |
|
|
|a (OCoLC)17207338
|
| 035 |
|
|
|9 AAB7242AM
|
| 040 |
|
|
|a FUG
|c FUG
|d TXA
|d UtOrBLW
|
| 041 |
1 |
|
|a eng
|h spa
|
| 043 |
|
|
|a nwcu---
|a n-us---
|
| 049 |
|
|
|a TXAM
|c [A11073843]
|
| 050 |
|
4 |
|a N6603
|b .G6513 1987
|
| 100 |
1 |
|
|a Gómez Sicre, José.
|
| 245 |
1 |
0 |
|a Art of Cuba in exile /
|c José Gómez Sicre ; English translation by Ralph E. Dimmick.
|
| 264 |
|
1 |
|a Miami, Fla. :
|b Editora Munder,
|c 1987.
|
| 300 |
|
|
|a 215 pages :
|b illustrations (some color) ;
|c 31 cm.
|
| 336 |
|
|
|a text
|b txt
|2 rdacontent
|
| 337 |
|
|
|a unmediated
|b n
|2 rdamedia
|
| 338 |
|
|
|a volume
|b nc
|2 rdacarrier
|
| 500 |
|
|
|a Translated from the Spanish.
|
| 650 |
|
0 |
|a Art, Cuban.
|
| 650 |
|
0 |
|a Art, Cuban
|z United States.
|
| 999 |
|
|
|a MARS
|
| 999 |
f |
f |
|s fa63c470-e2c9-3e4a-b8f3-1ed071f02c77
|i 030924ee-aae8-3213-bed7-38146a7e8fce
|t 0
|
| 952 |
f |
f |
|p normal
|a Texas A&M University
|b College Station
|c Sterling C. Evans Library
|d Evans: Library Stacks
|t 0
|e N6603 .G6513 1987
|h Library of Congress classification
|i unmediated -- volume
|m A14811073843
|
| 998 |
f |
f |
|a N6603 .G6513 1987
|t 0
|l Evans: Library Stacks
|